000
00505nam a2200181Ia 4500
008
090123s9999 xx 000 0 und d
082
_b
15885
100
_a
शर्मा गोपाल
245
_a
महाराजा
250
_a
0
260
_b
पवन पॉकेट बुक्स
300
_a
219
600
_a
शर्मा गोपाल
630
_a
महाराजा
700
_a
शर्मा गोपाल
730
_a
महाराजा
942
_c
BOOK
999
_c
53946
_d
53946